00572nam a2200181 a 4500008004100000020002200041100002400063245008500087250001200172260004700184300002800231440003800259504004100297650002500338003000100363005001700364040000900381  a0442318499 (pbk.)1 aDiamond, William J.10aPractical experiment designs for engineers and scientists /cWilliam J. Diamond. a2nd ed. aNew York :bVan Nostrand Reinhold,cc1989. axviii, 390 p. ;c25 cm. 0aCompetitive manufacturing series. aIncludes bibliographical references. 0aExperimental design.20230123133443.0 cNUST